Countries Of The Middle East Quiz - Statistics

General Stats
  • This quiz has been taken 30 times
    24 since last reset
  • The average score is 16 of 20
Answer Stats
Answer % Correct
Iran
93%
Iraq
93%
Israel
93%
Saudi Arabia
93%
Lebanon
87%
Oman
87%
UAE
87%
Bahrain
80%
Egypt
80%
Qatar
80%
Syria
80%
Turkey
80%
Yemen
80%
Jordan
73%
Armenia
67%
Cyprus
67%
Georgia
67%
Kuwait
67%
Azerbaijan
60%
Palestine
47%
No matching quizzes found
Score Distribution
Percent of People with Each Score
Percentile by Number Answered
Your Score History
You have not taken this quiz since the last reset